De la methode iconologique /
Guardado en:
| Autor Principal: | |
|---|---|
| Formato: | Libro |
| Publicado: |
Bruxelles :
Palais Des Academies,
1961
|
| Materias: | |
| Etiquetas: |
Agregar Etiqueta
Sin Etiquetas, Sea el primero en etiquetar este registro!
|
| LEADER | 00479nam a22001575a 4500 | ||
|---|---|---|---|
| 001 | EHU.bham005752 | ||
| 003 | AR-BHAM | ||
| 005 | 20090430144740.0 | ||
| 008 | 130507s1961##################000#0#####d | ||
| 082 | 7 | 0 | |a 704.94 |
| 100 | 1 | |a Tervarent, Guy De | |
| 245 | 1 | 0 | |a De la methode iconologique / |c Guy De Tervarent. |
| 260 | |a Bruxelles : |b Palais Des Academies, |c 1961 | ||
| 300 | |a 47 p. | ||
| 653 | |a Arte-representacion en el | ||
| 859 | |a AR-BHAM |b BIB. HUMANIDADES - General |h 704.94 |i T279-1 |p 100.68 |t Ej.1 | ||
